Singin' in the Rain (Record no. 15587)
[ view plain ]
| 000 -LEADER | |
|---|---|
| fixed length control field | 03131ngm a22005177a 4500 |
| 006 - FIXED-LENGTH DATA ELEMENTS--ADDITIONAL MATERIAL CHARACTERISTICS--GENERAL INFORMATION | |
| fixed length control field | a|||||s|||||00| 0 |
| 007 - PHYSICAL DESCRIPTION FIXED FIELD--GENERAL INFORMATION | |
| fixed length control field | tz |
| 008 - FIXED-LENGTH DATA ELEMENTS--GENERAL INFORMATION | |
| fixed length control field | 110613s2002 cau|||||s|||| 00| 0 eng d |
| 020 ## - INTERNATIONAL STANDARD BOOK NUMBER | |
| International Standard Book Number | 0790765195 |
| 020 ## - INTERNATIONAL STANDARD BOOK NUMBER | |
| International Standard Book Number | 9780790765198 |
| 082 ## - DEWEY DECIMAL CLASSIFICATION NUMBER | |
| Edition number | 22 |
| Classification number | 791.4372 |
| Item number | SIN |
| 245 00 - TITLE STATEMENT | |
| Title | Singin' in the Rain |
| Medium | [videorecording] / |
| Statement of responsibility, etc | Metro-Goldwyn-Mayer ; story and screen play by Adolf Green and Betty Comden ; produced by Arthur Freed ; directed by Gene Kelly and Stanley Donen. |
| 250 ## - EDITION STATEMENT | |
| Edition statement | Special ed. |
| 260 ## - PUBLICATION, DISTRIBUTION, ETC. (IMPRINT) | |
| Place of publication, distribution, etc | Burbank, Calif. : |
| Name of publisher, distributor, etc | Warner Home Video , 2002 |
| Date of publication, distribution, etc | 2002 |
| 300 ## - PHYSICAL DESCRIPTION | |
| Extent | 2 videodiscs (103 min.) : |
| Other physical details | sd., col. ; |
| Dimensions | 4 3/4 in. |
| 500 ## - GENERAL NOTE | |
| General note | Originally released as a motion picture in 1951. |
| 500 ## - GENERAL NOTE | |
| General note | "Suggested by the song 'Singin' in the rain'." |
| 500 ## - GENERAL NOTE | |
| General note | Special features: Disc 1. Commentary by Debbie Reynolds, Donald O'Connor, Cyd Charisse, Kathleen Freeman, co-director Stanley Donen, screenwriters Betty Comden and Adolph Green, filmmaker Baz Luhrmann and historian Rudy Behlmer; "Reel sound" talkies film history; "Singin' inspirations" plays film with additional hidden footage; Theatrical trailer; Awards; Cast & crew filmographies. Disc 2. "Musicals great musicals" documentary; "What a glorious feeling" documentary; "Excerpts from features where the songs originated" Arthur Freed/Nacio Herb Brown original songs excerpted from films; "You are my lucky star" outtake; Gallery; Scoring stage sessions. |
| 508 ## - CREATION/PRODUCTION CREDITS NOTE | |
| Creation/production credits note | Lyrics by Arthur Freed ; music by Nacio Herb Brown; Director of photography, Harold Rosson ; film editor, Adrienne Fazan |
| 511 ## - PARTICIPANT OR PERFORMER NOTE | |
| Participant or performer note | Gene Kelly, Donald O'Connor, Debbie Reynolds, Jean Hagen, Millard Mitchell, Cyd Charisse |
| 520 ## - SUMMARY, ETC. | |
| Summary, etc | Silent movies are giving way to talking pictures, and a hoofer-turned-matinee idol is caught in that bumpy transition, as well as his buddy, prospective ladylove, and shrewish co-star. |
| 521 ## - TARGET AUDIENCE NOTE | |
| Target audience note | MPAA rating: G. |
| 538 ## - SYSTEM DETAILS NOTE | |
| System details note | DVD; region 1, NTSC; full screen presentation preserving the aspect ratio of its original theatrical exhibition; Dolby digital surround 5.1; dual-layer. |
| 546 ## - LANGUAGE NOTE | |
| Language note | In English or dubbed French with optional English, French, or Spanish subtitles; closed-captioned |
| 650 ## - SUBJECT ADDED ENTRY--TOPICAL TERM | |
| 9 (RLIN) | 25139 |
| Topical term or geographic name as entry element | Motion picture actors and actresses |
| Form subdivision | Drama |
| Geographic subdivision | United States |
| 650 ## - SUBJECT ADDED ENTRY--TOPICAL TERM | |
| 9 (RLIN) | 25141 |
| Topical term or geographic name as entry element | Dancers |
| Form subdivision | Drama |
| 653 ## - INDEX TERM--UNCONTROLLED | |
| Arrived date list | June2011 |
| 655 ## - INDEX TERM--GENRE/FORM | |
| Genre/form data or focus term | Comedy films |
| 655 ## - INDEX TERM--GENRE/FORM | |
| Genre/form data or focus term | Feature films |
| 655 ## - INDEX TERM--GENRE/FORM | |
| Genre/form data or focus term | Musical films |
| 700 ## - ADDED ENTRY--PERSONAL NAME | |
| 9 (RLIN) | 25142 |
| Personal name | Freed, Arthur |
| Dates associated with a name | 1894-1973 |
| Relator term | lyr |
| -- | pro |
| 700 ## - ADDED ENTRY--PERSONAL NAME | |
| 9 (RLIN) | 25143 |
| Personal name | Kelly, Gene |
| Dates associated with a name | 1912-1996 |
| Relator term | act |
| -- | drt |
| 700 ## - ADDED ENTRY--PERSONAL NAME | |
| 9 (RLIN) | 25144 |
| Personal name | Green, Adolph |
| Relator term | aus |
| 700 ## - ADDED ENTRY--PERSONAL NAME | |
| 9 (RLIN) | 25145 |
| Personal name | Comden, Betty |
| Relator term | aus |
| 700 ## - ADDED ENTRY--PERSONAL NAME | |
| 9 (RLIN) | 25146 |
| Personal name | Brown, Nacio Herb |
| Dates associated with a name | 1896-1964 |
| Relator term | cmp |
| 700 ## - ADDED ENTRY--PERSONAL NAME | |
| 9 (RLIN) | 25147 |
| Personal name | Fazan, Adrienne |
| Relator term | flm |
| 700 ## - ADDED ENTRY--PERSONAL NAME | |
| 9 (RLIN) | 25148 |
| Personal name | Rosson, Harold |
| Dates associated with a name | 1895-1988 |
| Relator term | cng |
| 700 ## - ADDED ENTRY--PERSONAL NAME | |
| 9 (RLIN) | 25149 |
| Personal name | O'Connor, Donald |
| Dates associated with a name | 1925-2003 |
| Relator term | act |
| 700 ## - ADDED ENTRY--PERSONAL NAME | |
| 9 (RLIN) | 25150 |
| Personal name | Reynolds, Debbie |
| Relator term | act |
| 700 ## - ADDED ENTRY--PERSONAL NAME | |
| 9 (RLIN) | 25151 |
| Personal name | Hagen, Jean |
| Dates associated with a name | 1924-1977 |
| Relator term | act |
| 700 ## - ADDED ENTRY--PERSONAL NAME | |
| 9 (RLIN) | 25152 |
| Personal name | Mitchell, Millard |
| Dates associated with a name | 1900-1953 |
| Relator term | act |
| 700 ## - ADDED ENTRY--PERSONAL NAME | |
| 9 (RLIN) | 25153 |
| Personal name | Charisse, Cyd |
| Relator term | act |
| 710 ## - ADDED ENTRY--CORPORATE NAME | |
| 9 (RLIN) | 25081 |
| Corporate name or jurisdiction name as entry element | Metro-Goldwyn-Mayer |
| 710 ## - ADDED ENTRY--CORPORATE NAME | |
| 9 (RLIN) | 25082 |
| Corporate name or jurisdiction name as entry element | Warner Home Video (Firm) |
| 942 ## - ADDED ENTRY ELEMENTS (KOHA) | |
| Source of classification or shelving scheme | Dewey Decimal Classification |
| Item type | CD | DVD - Movie (NB) |
| Withdrawn status | Lost status | Source of classification or shelving scheme | Damaged status | Not for loan | Koha collection | Location (home branch) | Sublocation or collection (holding branch) | Shelving location | Date acquired | Cost, normal purchase price | Invoice Number | Koha issues (times borrowed) | Koha full call number | Piece designation (barcode) | Koha date last seen | Koha date last borrowed | Price effective from | Koha item type | Public note |
|---|---|---|---|---|---|---|---|---|---|---|---|---|---|---|---|---|---|---|---|
| Dewey Decimal Classification | Baccah | Central Library | Central Library | Second Floor | 13/06/2011 | 218.00 | 12344 | 1 | 791.4372 SIN | 000024306 | 24/08/2022 | 22/09/2019 | 13/06/2011 | CD | DVD - With book | 2 DVDs |